00376nam a2200097Ia 4500008004100000100002200041245013400063245002400197260000900221856004800230160531s9999 xx 000 0 und d aOssowski, Paul J. aHow to Stop the World - How Over-Regulation, Over-Taxation and Crony Capitalism are Preventing the Growth of the American Economy cBy Paul J. Ossowski c2015 uhttp://www.smashwords.com/books/view/593289